Don Porfirio presidente ... , Nunca omnipotente, hallazgos, reflexiones y debates 1876-1911 / (Record no. 79661)

MARC details
000 -LEADER
fixed length control field 00716cam a2200205 a 4500
008 - FIXED-LENGTH DATA ELEMENTS--GENERAL INFORMATION
fixed length control field s1998 mx spa
020 ## - INTERNATIONAL STANDARD BOOK NUMBER
International Standard Book Number 9688593478
050 00 - LIBRARY OF CONGRESS CALL NUMBER
Classification number F1233 .5
Item number D65 1998
245 00 - TITLE STATEMENT
Title Don Porfirio presidente ... , Nunca omnipotente, hallazgos, reflexiones y debates 1876-1911 /
Statement of responsibility, etc Romana Falcon, Raymond Buve, comp.
260 ## - PUBLICATION, DISTRIBUTION, ETC. (IMPRINT)
Place of publication, distribution, etc México :
Name of publisher, distributor, etc UIA, Departamento de Historia,
Date of publication, distribution, etc 1998
300 ## - PHYSICAL DESCRIPTION
Extent 572 p. ;
Dimensions 21 cm.
500 ## - GENERAL NOTE
General note 3 ejemplares
600 14 - SUBJECT ADDED ENTRY--PERSONAL NAME
Personal name Díaz, Porfirio, Presidente de México
651 #4 - SUBJECT ADDED ENTRY--GEOGRAPHIC NAME
Geographic name México
General subdivision Historia
-- Republica liberal,
Chronological subdivision 1867-1911
700 1# - ADDED ENTRY--PERSONAL NAME
Personal name Falcon, Romana, comp.
700 1# - ADDED ENTRY--PERSONAL NAME
Personal name Buve, Raymond, comp.
942 ## - ADDED ENTRY ELEMENTS (KOHA)
Source of classification or shelving scheme Biblioteca del Cogreso de los Estados Unidos
Koha item type Libro
Holdings
Estado de pérdida Fuente de clasificación Estado del daño No para préstamo Ubicación permanente Ubicación actual Apartado o colección Fecha de adquisición Edición Dependencia de educación superior (DES) Área del conocimiento Clasificación Código de Barras Date last seen Número de copia Tipo de recurso
  Biblioteca del Cogreso de los Estados Unidos     Biblioteca del Instituto de Investigaciones Históricas Biblioteca del Instituto de Investigaciones Históricas General 15/08/2017 1a ed. Humanidades Ciencias Sociales y Administrativas F1233.5 D65 1998 IIH000019337 15/08/2017 C:1 Libro
  Biblioteca del Cogreso de los Estados Unidos     Biblioteca del Instituto de Investigaciones Históricas Biblioteca del Instituto de Investigaciones Históricas General 15/08/2017 1a ed. Humanidades Ciencias Sociales y Administrativas F1233.5 D65 1998 IIH000019338 15/08/2017 C:2 Libro
  Biblioteca del Cogreso de los Estados Unidos     Biblioteca del Instituto de Investigaciones Históricas Biblioteca del Instituto de Investigaciones Históricas General 15/08/2017 1a ed. Humanidades Ciencias Sociales y Administrativas F1233.5 D65 1998 IIH000019339 15/08/2017 C:3 Libro